NFL 2025 Regular Season Stats Leaders - Statistics

General Stats
  • This quiz has been taken 53 times
  • The average score is 14 of 30
Answer Stats
Stat Pos. # Answer % Correct
Receiving #1 1793 Jaxon Smith-Njigba
98%
Passing #1 4707 Matthew Stafford
98%
Sacks #1 23 Myles Garrett
93%
Receiving #2 1715 Puka Nacua
85%
Passing #4 4394 Drake Maye
76%
Passing #5 4048 Sam Darnold
76%
Rushing #4 1478 Bijan Robinson
73%
Receiving #4 1412 Ja'Marr Chase
73%
Passing #2 4564 Jared Goff
73%
Passing #3 4552 Dak Prescott
61%
Rushing #2 1595 Derrick Henry
61%
Rushing #3 1585 Jonathan Taylor
61%
Receiving #3 1429 George Pickens
59%
Receiving #5 1401 Amon-Ra St Brown
56%
Rushing #1 1621 James Cook III
54%
Sacks #2 16.5 Brian Burns
32%
Rushing #5 1350 De'Von Achane
32%
Interceptions #2 5 Ernest Jones
32%
Sacks #4 14.5 Aidan Hutchinson
27%
Tackles #5 162 Bobby Wagner
22%
Sacks #5 14 Nik Bonitto
22%
Sacks #3 15 Danielle Hunter
20%
Tackles #1 183 Jordyn Brooks
20%
Tackles #3 174 Devin White
15%
Interceptions #2 5 Antonio Johnson
10%
Interceptions #1 7 Kevin Byard
10%
Tackles #2 176 Jack Campbell
7%
Interceptions #2 5 Jaycee Horn
7%
Tackles #4 164 Cedric Gray
2%
Interceptions #2 5 Devin Lloyd
0%
No matching quizzes found
Score Distribution
Percent of People with Each Score
Percentile by Number Answered
Your Score History
You have not taken this quiz